01188nam a22003497a 4500003000900000005001700009008004200026016001300068017000900081020001500090035000600105040002500111041001100136080000600147082001800153100002700171240005400198245012700252260004900379300002900428490002400457650003200481650003200513700002900545700004200574830002400616942001200640945002700652952011900679956002500798999001500823DO-SdBNP20180226101734.0001120s 2000 sp a ||| ||spa 7 a 2BPMSU a b  a8422681633 a  aBPMSUbspacBPMSUe 1 aspah  0a  4a833.92bB848u1 aBrezina, Thomasd1963-10aAlle meine monster Spuk in der Schule.lEspañol10aFantasmas en el colegio /cThomas Brezina ; ilustraciones Bernhard Förth ; traducción José Antonio Santiago-Tagleh  aBarcelona : bCírculo de Lectores, c2000. a125 p. : bil.; c20 cm.1 aTodos mis monstruos 4aCUENTOS INFANTILES ALEMANES 4aLITERATURA INFANTIL ALEMANA12aFörth, Bernhard,eil. 1 aSantiago-Tagle,José Antonio, etr.  0aTodos mis monstruos 2ddccBK aInventariado, 2018 /LP 00102ddc40708CJ-GaBPMETbBPMETd2016-04-12eFundil0o833.92 B848upBPMSU16040369r2016-04-12w2016-04-12yBK aYLOCKWARDb10cBPMSU c9722d9722